| 000 | 00960nam a22001577a 4500 | ||
|---|---|---|---|
| 999 |
_c62650 _d62650 |
||
| 003 | Ge_BSU | ||
| 005 | 20241230170130.0 | ||
| 008 | 241230s1952 ge ||||| |||| 00| 0 geo d | ||
| 041 | _ageo | ||
| 080 | _a612.83 ჯ-14 | ||
| 100 |
_aჯავახიშვილი-კომახიძე, ნ. _924044 |
||
| 245 |
_aზურგის ტვინის ნერვული წნულებისა და სიმპათიკური წველის ფორმა და ურთიერთობა / _c ნ. ჯავახიშვილი-კომახიძე ; საქ. მეცნიერებათა აკადემია. ექსპერიმენტული მორფოლოგიის ინსტიტუტი. |
||
| 264 |
_aთბ. : _bსაქ. მეც. აკად. გამ-ბა და სტ., _c1952. |
||
| 300 |
_a292 გვ. : _bნახ. ; _c25 სმ. |
||
| 942 |
_2udc _cᲬᲘᲒᲜᲘ |
||